[Event "Stay Safe Play From Home 165"]
[Site "T#646231Emanuel Laske"]
[Date "2020.05.21"]
[Round "4"]
[White "Sfantul321"]
[Black "Lazieri3"]
[Result "1/2-1/2"]
[WhiteElo "2061"]
[BlackElo "2065"]
[Annotator "NA"]
[PlyCount "119"]
[EventDate "2020.05.21"]
[EventType "swiss (blitz)"]

1. c4 {[%emt 0:00:01]} c6 {[%emt 0:00:00]} 2. Nc3 {[%emt 0:00:02]} d5 {[%emt 0:00:00]} 3. cxd5 {[%emt 0:00:00]} cxd5 {[%emt 0:00:00]} 4. d4 {[%emt 0:00:00]} Nf6 {[%emt 0:00:01]} 5. Nf3 {[%emt 0:00:01]} Nc6 {[%emt 0:00:00]} 6. Bf4 {[%emt 0:00:01]} Bf5 {[%emt 0:00:00]} 7. a3 {[%emt 0:00:01]} e6 {[%emt 0:00:01]} 8. e3 {[%emt 0:00:01]} Bd6 {[%emt 0:00:01]} 9. Bxd6 {[%emt 0:00:00]} Qxd6 {[%emt 0:00:00]} 10. Bd3 {[%emt 0:00:00]} Bxd3 {[%emt 0:00:01]} 11. Qxd3 {[%emt 0:00:01]} O-O {[%emt 0:00:00]} 12. O-O {[%emt 0:00:01]} h6 {[%emt 0:00:01]} 13. b4 {[%emt 0:00:01]} a6 {[%emt 0:00:01]} 14. Rac1 {[%emt 0:00:01]} Rac8 {[%emt 0:00:01]} 15. Rc2 {[%emt 0:00:01]} e5 {[%emt 0:00:05]} 16. dxe5 {[%emt 0:00:02]} Nxe5 {[%emt 0:00:00]} 17. Nxe5 {[%emt 0:00:00]} Qxe5 {[%emt 0:00:00]} 18. Rfc1 {[%emt 0:00:00]} Rfd8 {[%emt 0:00:09]} 19. h3 {[%emt 0:00:02]} Kh8 {[%emt 0:00:09]} 20. f4 {[%emt 0:00:04]} Qe6 {[%emt 0:00:05]} 21. Ne2 {[%emt 0:00:04]} Rxc2 {[%emt 0:00:05]} 22. Rxc2 {[%emt 0:00:01]} Qe4 {[%emt 0:00:03]} 23. Qxe4 {[%emt 0:00:04]} dxe4 {[%emt 0:00:03]} 24. Nd4 {[%emt 0:00:03]} Nd5 {[%emt 0:00:04]} 25. Kf2 {[%emt 0:00:02]} g5 {[%emt 0:00:02]} 26. fxg5 {[%emt 0:00:01]} hxg5 {[%emt 0:00:00]} 27. g4 {[%emt 0:00:05]} Kg7 {[%emt 0:00:02]} 28. Nf5+ {[%emt 0:00:02]} Kf6 {[%emt 0:00:01]} 29. Rc4 {[%emt 0:00:01]} Ke5 {[%emt 0:00:05]} 30. Ng3 {[%emt 0:00:01]} Nf6 {[%emt 0:00:04]} 31. Rc7 {[%emt 0:00:02]} Rd7 {[%emt 0:00:02]} 32. Rc5+ {[%emt 0:00:03]} Rd5 {[%emt 0:00:01]} 33. Rc7 {[%emt 0:00:05]} Rd2+ {[%emt 0:00:02]} 34. Kf1 {[%emt 0:00:02]} Rd7 {[%emt 0:00:01]} 35. Rc5+ {[%emt 0:00:02]} Rd5 {[%emt 0:00:09]} 36. Rc7 {[%emt 0:00:01]} Rd7 {[%emt 0:00:05]} 37. Rc5+ {[%emt 0:00:01] Sfantul321 offers a draw} Nd5 {[%emt 0:00:15]} 38. Ke2 {[%emt 0:00:06]} Rc7 {[%emt 0:00:01]} 39. Rxc7 {[%emt 0:00:08]} Nxc7 {[%emt 0:00:00]} 40. a4 {[%emt 0:00:01]} Nd5 {[%emt 0:00:02]} 41. b5 {[%emt 0:00:03]} axb5 {[%emt 0:00:00]} 42. axb5 {[%emt 0:00:01]} Nc3+ {[%emt 0:00:01]} 43. Kd2 {[%emt 0:00:00]} Nxb5 {[%emt 0:00:00]} 44. Nf5 {[%emt 0:00:03]} Nd6 {[%emt 0:00:01]} 45. Ne7 {[%emt 0:00:06]} Nc4+ {[%emt 0:00:03]} 46. Ke2 {[%emt 0:00:01]} Nd6 {[%emt 0:00:05]} 47. Kd2 {[%emt 0:00:04]} Ke6 {[%emt 0:00:10]} 48. Ng8 {[%emt 0:00:03]} f6 {[%emt 0:00:01]} 49. Nh6 {[%emt 0:00:03]} f5 {[%emt 0:00:04]} 50. gxf5+ {[%emt 0:00:01]} Nxf5 {[%emt 0:00:00]} 51. Ng4 {[%emt 0:00:02]} b5 {[%emt 0:00:01]} 52. Kc3 {[%emt 0:00:02]} b4+ {[%emt 0:00:01]} 53. Kxb4 {[%emt 0:00:01]} Kd5 {[%emt 0:00:03]} 54. Kc3 {[%emt 0:00:04]} Nh4 {[%emt 0:00:04]} 55. Kd2 {[%emt 0:00:03]} Nf3+ {[%emt 0:00:01]} 56. Kc3 {[%emt 0:00:07]} Ng1 {[%emt 0:00:03]} 57. Nf2 {[%emt 0:00:01]} Nf3 {[%emt 0:00:02]} 58. Ng4 {[%emt 0:00:01]} Ng1 {[%emt 0:00:01]} 59. Nf2 {[%emt 0:00:01]} Nf3 {[%emt 0:00:01]} 60. Ng4 {[%emt 0:00:01] (Lag: Av=0.43s, max=0.7s)} 1/2-1/2

[Event "Stay Safe Play From Home 165"]
[Site "T#646231Emanuel Laske"]
[Date "2020.05.21"]
[Round "4"]
[White "Don59as"]
[Black "W Nelles"]
[Result "0-1"]
[WhiteElo "2022"]
[BlackElo "1210"]
[Annotator "NA"]
[PlyCount "84"]
[EventDate "2020.05.21"]
[EventType "swiss (blitz)"]

1. c4 {[%emt 0:00:05]} e6 {[%emt 0:00:03]} 2. Nc3 {[%emt 0:00:01]} Nf6 {[%emt 0:00:03]} 3. e4 {[%emt 0:00:02]} Bc5 {[%emt 0:00:02]} 4. g3 {[%emt 0:00:06]} O-O {[%emt 0:00:02]} 5. Bg2 {[%emt 0:00:01]} c6 {[%emt 0:00:01]} 6. Nge2 {[%emt 0:00:01]} a6 {[%emt 0:00:03]} 7. d4 {[%emt 0:00:02]} Bb4 {[%emt 0:00:05]} 8. O-O {[%emt 0:00:02]} b5 {[%emt 0:00:02]} 9. b3 {[%emt 0:00:01]} bxc4 {[%emt 0:00:03]} 10. bxc4 {[%emt 0:00:00]} d5 {[%emt 0:00:08]} 11. cxd5 {[%emt 0:00:02]} Bxc3 {[%emt 0:00:01]} 12. Nxc3 {[%emt 0:00:02]} cxd5 {[%emt 0:00:03]} 13. exd5 {[%emt 0:00:06]} Nxd5 {[%emt 0:00:02]} 14. Nxd5 {[%emt 0:00:01]} exd5 {[%emt 0:00:02]} 15. Ba3 {[%emt 0:00:01]} Re8 {[%emt 0:00:02]} 16. Qb3 {[%emt 0:00:01]} Be6 {[%emt 0:00:02]} 17. Rfe1 {[%emt 0:00:01]} Qd7 {[%emt 0:00:11]} 18. Bc5 {[%emt 0:00:06]} Qb5 {[%emt 0:00:06]} 19. Qf3 {[%emt 0:00:09]} Nc6 {[%emt 0:00:07]} 20. Rab1 {[%emt 0:00:02]} Qc4 {[%emt 0:00:07]} 21. Rec1 {[%emt 0:00:03]} Qxa2 {[%emt 0:00:03]} 22. Rb6 {[%emt 0:00:05]} Na5 {[%emt 0:00:08]} 23. Rcb1 {[%emt 0:00:17]} Nc4 {[%emt 0:00:06]} 24. Rb7 {[%emt 0:00:16]} Nd2 {[%emt 0:00:06]} 25. Qe2 {[%emt 0:00:04]} Bf5 {[%emt 0:00:15]} 26. R7b2 {[%emt 0:00:09]} Rxe2 {[%emt 0:00:06]} 27. Rxa2 {[%emt 0:00:01]} Bxb1 {[%emt 0:00:05]} 28. Rb2 {[%emt 0:00:08]} Re1+ {[%emt 0:00:05]} 29. Bf1 {[%emt 0:00:03]} Rxf1+ {[%emt 0:00:02]} 30. Kg2 {[%emt 0:00:01]} Be4+ {[%emt 0:00:01]} 31. Kh3 {[%emt 0:00:04]} Rxf2 {[%emt 0:00:05]} 32. Rb7 {[%emt 0:00:02]} Bf5+ {[%emt 0:00:03]} 33. g4 {[%emt 0:00:02]} Re8 {[%emt 0:00:08]} 34. gxf5 {[%emt 0:00:02]} Re3+ {[%emt 0:00:05]} 35. Kg4 {[%emt 0:00:01]} h5+ {[%emt 0:00:02]} 36. Kxh5 {[%emt 0:00:06]} Rxf5+ {[%emt 0:00:02]} 37. Kg4 {[%emt 0:00:01]} Rf6 {[%emt 0:00:06]} 38. Rb8+ {[%emt 0:00:08]} Kh7 {[%emt 0:00:02]} 39. Bb4 {[%emt 0:00:10]} Ne4 {[%emt 0:00:04]} 40. h4 {[%emt 0:00:05]} Nf2+ {[%emt 0:00:03]} 41. Kg5 {[%emt 0:00:05]} Rg3+ {[%emt 0:00:02]} 42. Kh5 {[%emt 0:00:02]} g6# {[%emt 0:00:01] (Lag: Av=0.71s, max=1.3s)} 0-1

[Event "Stay Safe Play From Home 165"]
[Site "T#646231Emanuel Laske"]
[Date "2020.05.21"]
[Round "4"]
[White "Haris kollari 13"]
[Black "Lucknow"]
[Result "1-0"]
[WhiteElo "1970"]
[BlackElo "1733"]
[Annotator "NA"]
[PlyCount "47"]
[EventDate "2020.05.21"]
[EventType "swiss (blitz)"]

1. e4 {[%emt 0:00:01]} c5 {[%emt 0:00:02]} 2. Nf3 {[%emt 0:00:01]} d6 {[%emt 0:00:01]} 3. d4 {[%emt 0:00:01]} cxd4 {[%emt 0:00:01]} 4. Nxd4 {[%emt 0:00:01]} Nf6 {[%emt 0:00:01]} 5. Nc3 {[%emt 0:00:01]} g6 {[%emt 0:00:01]} 6. f4 {[%emt 0:00:01]} Nc6 {[%emt 0:00:02]} 7. Be3 {[%emt 0:00:01]} Bg7 {[%emt 0:00:01]} 8. Be2 {[%emt 0:00:01]} O-O {[%emt 0:00:03]} 9. Qd2 {[%emt 0:00:01]} Nxd4 {[%emt 0:00:04]} 10. Bxd4 {[%emt 0:00:02]} Qa5 {[%emt 0:00:01]} 11. Bf3 {[%emt 0:00:04]} Be6 {[%emt 0:00:05]} 12. a3 {[%emt 0:00:01]} Rfc8 {[%emt 0:00:07]} 13. h3 {[%emt 0:00:01]} b5 {[%emt 0:00:04]} 14. O-O {[%emt 0:00:03]} Bc4 {[%emt 0:00:07]} 15. Rfe1 {[%emt 0:00:02]} e5 {[%emt 0:00:14]} 16. fxe5 {[%emt 0:00:02]} dxe5 {[%emt 0:00:01]} 17. Bxe5 {[%emt 0:00:03]} b4 {[%emt 0:00:01]} 18. axb4 {[%emt 0:00:09]} Qxe5 {[%emt 0:00:03]} 19. Nd5 {[%emt 0:00:11]} Rab8 {[%emt 0:00:42]} 20. c3 {[%emt 0:00:03]} Qg3 {[%emt 0:00:21]} 21. Ne7+ {[%emt 0:00:05]} Kh8 {[%emt 0:00:06]} 22. Nxc8 {[%emt 0:00:02]} Rxc8 {[%emt 0:00:01]} 23. Rxa7 {[%emt 0:00:10]} Qe5 {[%emt 0:00:09]} 24. Qd4 {[%emt 0:00:08] Lucknow gibt auf (Lag: Av=0.40s, max=0.8s)} 1-0

[Event "Stay Safe Play From Home 165"]
[Site "T#646231Emanuel Laske"]
[Date "2020.05.21"]
[Round "4"]
[White "Dukic"]
[Black "shahildey"]
[Result "0-1"]
[WhiteElo "1878"]
[BlackElo "2090"]
[Annotator "TA"]
[PlyCount "86"]
[EventDate "2020.05.21"]
[EventType "swiss (blitz)"]

{[%evp 17,85,10,13,0,0,0,9,3,10,-4,3,2,14,10,22,13,12,0,20,29,147,150,159,162,167,131,119,125,560,110,569,581,572,558,585,587,589,573,582,583,664,528,722,683,669,651,664,676,700,735,825,-1970,-1899,-29963,-29964,-6399,-5385,-29985,-12285,-29984,-6230,-6299,-6299,-5465,-3827,-29986,-29987,-29986,-29987,-29999]} 1. c4 c6 2. Nc3 d5 3. cxd5 cxd5 4. d4 Nc6 5. Nf3 Nf6 6. Bf4 a6 7. e3 Bg4 8. Be2 e6 9. O-O Bd6 10. Bg5 {D13: Slav Defence: Exchange variation without ...Bf5.} O-O 11. Rc1 Be7 12. Qb3 {The position is equal.} Na5 {[#]} 13. Qa4 $146 ({Predecessor:} 13. Qd1 b5 14. Bxf6 Bxf6 {½-½ (13) Mezentsev,I (1835)-Mogila,V (2086) Astana 2012}) 13... b5 14. Qd1 Rc8 15. Ne5 Bxe2 16. Qxe2 Nc4 17. a4 b4 18. Nb1 {[%cal Re5c4]} Qa5 (18... Qe8 $11 {remains equal.}) 19. b3 $16 Nd6 20. Nc6 Qc7 21. Nxe7+ Qxe7 22. Qxa6 Nde4 $2 {[%mdl 8192]} (22... Rfd8 $16 23. f3 h6) 23. Bh4 $2 (23. Rxc8 $18 Nxg5 24. Rxf8+ Kxf8 25. Qc8+ Ne8 26. a5) 23... g5 $2 {[%mdl 8192]} (23... Rxc1 $16 {is tougher.} 24. Rxc1 g5) 24. Rxc8 $18 gxh4 25. Rxf8+ Qxf8 26. f3 Nd6 27. Qb6 Nf5 28. Re1 h5 29. Nd2 Qg7 30. Qb8+ Kh7 31. Qf4 h3 {[%csl Gh3][%cal Rg7g2]} 32. g3 h4 33. g4 Nh5 34. Kf2 $4 {[%mdl 8192]} (34. Qe5 $18) 34... Nxf4 $19 35. exf4 Qxd4+ 36. Ke2 {[#]} Ng3+ $1 37. Kd1 (37. hxg3 hxg3) 37... Qxf4 (37... Qa1+ $142 38. Kc2 Qxe1 39. f5 Qe2 40. g5 Qxh2 41. Kd3 Qe2+ 42. Kd4 Qxd2+ 43. Kc5 Nxf5 44. g6+ fxg6 45. Kc6 {[#]} Qc3+ $1 {[%mdl 512]} 46. Kb6 h2 47. Kb5 h1=Q 48. Kb6 Qhxf3 49. Kb5 Qe2+ 50. Kb6 Qc8 51. Ka7 Qf2#) 38. a5 Qd4 39. a6 Qa1+ {[%mdl 64] Double Attack} 40. Kc2 Qxa6 41. Re5 Qa2+ {Black mates.} 42. Kd3 Qb2 {[%csl Gb4][%cal Rb2c3]} 43. Rg5 Qc3# {What a bad dream for White. Accuracy: White = 76%, Black = 54%.} 0-1

[Event "Stay Safe Play From Home 165"]
[Site "T#646231Emanuel Laske"]
[Date "2020.05.21"]
[Round "4"]
[White "Matanant"]
[Black "Alin1001"]
[Result "0-1"]
[WhiteElo "1798"]
[BlackElo "2006"]
[Annotator "NA"]
[PlyCount "104"]
[EventDate "2020.05.21"]
[EventType "swiss (blitz)"]

1. b3 {[%emt 0:00:02]} d5 {[%emt 0:00:03]} 2. Bb2 {[%emt 0:00:00]} c5 {[%emt 0:00:01]} 3. e3 {[%emt 0:00:01]} Nc6 {[%emt 0:00:01]} 4. f4 {[%emt 0:00:01]} Nf6 {[%emt 0:00:03]} 5. Nf3 {[%emt 0:00:00]} Bg4 {[%emt 0:00:01]} 6. Bb5 {[%emt 0:00:02]} Rc8 {[%emt 0:00:02]} 7. O-O {[%emt 0:00:02]} e6 {[%emt 0:00:01]} 8. h3 {[%emt 0:00:02]} Bxf3 {[%emt 0:00:02]} 9. Qxf3 {[%emt 0:00:02]} Be7 {[%emt 0:00:01]} 10. d3 {[%emt 0:00:02]} O-O {[%emt 0:00:01]} 11. g4 {[%emt 0:00:01]} Ne8 {[%emt 0:00:02]} 12. g5 {[%emt 0:00:01]} f5 {[%emt 0:00:05]} 13. h4 {[%emt 0:00:02]} a6 {[%emt 0:00:04]} 14. Bxc6 {[%emt 0:00:01]} Rxc6 {[%emt 0:00:01]} 15. Nd2 {[%emt 0:00:00]} Rc8 {[%emt 0:00:05]} 16. Rf2 {[%emt 0:00:02]} b5 {[%emt 0:00:03]} 17. a4 {[%emt 0:00:02]} Qb6 {[%emt 0:00:06]} 18. axb5 {[%emt 0:00:04]} axb5 {[%emt 0:00:01]} 19. Be5 {[%emt 0:00:11]} c4 {[%emt 0:00:03]} 20. bxc4 {[%emt 0:00:01]} bxc4 {[%emt 0:00:01]} 21. dxc4 {[%emt 0:00:01]} dxc4 {[%emt 0:00:01]} 22. c3 {[%emt 0:00:03]} Bc5 {[%emt 0:00:04]} 23. Re2 {[%emt 0:00:04]} Bd6 {[%emt 0:00:08]} 24. Kg2 {[%emt 0:00:11]} Bxe5 {[%emt 0:00:04]} 25. fxe5 {[%emt 0:00:01]} Qb2 {[%emt 0:00:10]} 26. Ra7 {[%emt 0:00:10]} Qxc3 {[%emt 0:00:03]} 27. Qb7 {[%emt 0:00:08]} Rc7 {[%emt 0:00:05]} 28. Qb6 {[%emt 0:00:18]} Rxa7 {[%emt 0:00:02]} 29. Qxa7 {[%emt 0:00:01]} Qxe5 {[%emt 0:00:01]} 30. Nf3 {[%emt 0:00:04]} Qe4 {[%emt 0:00:04]} 31. h5 {[%emt 0:00:04]} f4 {[%emt 0:00:12]} 32. h6 {[%emt 0:00:05]} gxh6 {[%emt 0:00:05]} 33. gxh6 {[%emt 0:00:02]} Kh8 {[%emt 0:00:02]} 34. Qd4+ {[%emt 0:00:07]} Qxd4 {[%emt 0:00:07]} 35. Nxd4 {[%emt 0:00:01]} e5 {[%emt 0:00:05]} 36. Nc6 {[%emt 0:00:03]} f3+ {[%emt 0:00:01]} 37. Kf2 {[%emt 0:00:02]} fxe2+ {[%emt 0:00:01]} 38. Kxe2 {[%emt 0:00:00]} Nd6 {[%emt 0:00:01]} 39. Nxe5 {[%emt 0:00:02]} Kg8 {[%emt 0:00:05]} 40. Kd2 {[%emt 0:00:04]} Rf5 {[%emt 0:00:03]} 41. Nc6 {[%emt 0:00:08]} Rh5 {[%emt 0:00:03]} 42. e4 {[%emt 0:00:06]} Nxe4+ {[%emt 0:00:04]} 43. Ke3 {[%emt 0:00:02]} Nd6 {[%emt 0:00:02]} 44. Kd4 {[%emt 0:00:07]} Kf7 {[%emt 0:00:02]} 45. Nd8+ {[%emt 0:00:08]} Kf6 {[%emt 0:00:03]} 46. Nc6 {[%emt 0:00:07]} Rxh6 {[%emt 0:00:02]} 47. Nb4 {[%emt 0:00:02]} Rh3 {[%emt 0:00:04]} 48. Nd5+ {[%emt 0:00:02]} Kf7 {[%emt 0:00:01]} 49. Nc3 {[%emt 0:00:00]} Rxc3 {[%emt 0:00:02]} 50. Kxc3 {[%emt 0:00:01]} h5 {[%emt 0:00:01]} 51. Kd4 {[%emt 0:00:00]} h4 {[%emt 0:00:01]} 52. Kd5 {[%emt 0:00:01]} h3 {[%emt 0:00:01] Matanant resigns (Lag: Av=0.66s, max=1.3s)} 0-1

[Event "Stay Safe Play From Home 165"]
[Site "T#646231Emanuel Laske"]
[Date "2020.05.21"]
[Round "4"]
[White "Grizzzly"]
[Black "Timbre"]
[Result "1-0"]
[WhiteElo "1639"]
[BlackElo "1570"]
[Annotator "NA"]
[PlyCount "71"]
[EventDate "2020.05.21"]
[EventType "swiss (blitz)"]

1. d4 {[%emt 0:00:02]} d5 {[%emt 0:00:02]} 2. c4 {[%emt 0:00:02]} c6 {[%emt 0:00:01]} 3. cxd5 {[%emt 0:00:04]} cxd5 {[%emt 0:00:02]} 4. Nc3 {[%emt 0:00:09]} Nc6 {[%emt 0:00:00]} 5. Nf3 {[%emt 0:00:02]} Nf6 {[%emt 0:00:02]} 6. Bf4 {[%emt 0:00:03]} e6 {[%emt 0:00:03]} 7. e3 {[%emt 0:00:00]} Bd6 {[%emt 0:00:02]} 8. Bxd6 {[%emt 0:00:02]} Qxd6 {[%emt 0:00:03]} 9. Bd3 {[%emt 0:00:00]} O-O {[%emt 0:00:02]} 10. O-O {[%emt 0:00:01]} Re8 {[%emt 0:00:02]} 11. Qe2 {[%emt 0:00:01]} e5 {[%emt 0:00:02]} 12. dxe5 {[%emt 0:00:01]} Nxe5 {[%emt 0:00:02]} 13. h3 {[%emt 0:00:03]} Nxf3+ {[%emt 0:00:07]} 14. Qxf3 {[%emt 0:00:02]} Be6 {[%emt 0:00:04]} 15. Rfd1 {[%emt 0:00:04]} Qb6 {[%emt 0:00:07]} 16. Rab1 {[%emt 0:00:18]} Rac8 {[%emt 0:00:05]} 17. a3 {[%emt 0:00:09]} a6 {[%emt 0:00:08]} 18. Ne2 {[%emt 0:00:05]} Qc7 {[%emt 0:00:10]} 19. Ng3 {[%emt 0:00:02]} b5 {[%emt 0:00:03]} 20. Nf5 {[%emt 0:00:07]} Qe5 {[%emt 0:00:16]} 21. Nd4 {[%emt 0:00:17]} Qd6 {[%emt 0:00:12]} 22. Rbc1 {[%emt 0:00:01]} Rxc1 {[%emt 0:00:03]} 23. Rxc1 {[%emt 0:00:01]} b4 {[%emt 0:00:04]} 24. Rc6 {[%emt 0:00:09]} Qd7 {[%emt 0:00:06]} 25. Rxa6 {[%emt 0:00:03]} bxa3 {[%emt 0:00:03]} 26. bxa3 {[%emt 0:00:01]} Qb7 {[%emt 0:00:15]} 27. Ra4 {[%emt 0:00:07]} Qb8 {[%emt 0:00:07]} 28. Rb4 {[%emt 0:00:03]} Qc8 {[%emt 0:00:03]} 29. Nxe6 {[%emt 0:00:06]} fxe6 {[%emt 0:00:06]} 30. Qf4 {[%emt 0:00:09]} Rf8 {[%emt 0:00:03]} 31. Qh4 {[%emt 0:00:05]} e5 {[%emt 0:00:10]} 32. Rb5 {[%emt 0:00:21]} Qc1+ {[%emt 0:00:08]} 33. Kh2 {[%emt 0:00:01]} Qxa3 {[%emt 0:00:03]} 34. Bf1 {[%emt 0:00:04]} e4 {[%emt 0:00:04]} 35. Rb7 {[%emt 0:00:02]} Qa8 {[%emt 0:00:06]} 36. Re7 {[%emt 0:00:07] Time (Lag: Av=0.90s, max=7.6s) '} 1-0

[Event "Stay Safe Play From Home 165"]
[Site "T#646231Emanuel Laske"]
[Date "2020.05.21"]
[Round "4"]
[White "Tunca"]
[Black "Isak Kelmendi"]
[Result "1-0"]
[WhiteElo "1586"]
[BlackElo "1778"]
[Annotator "NA"]
[PlyCount "101"]
[EventDate "2020.05.21"]
[EventType "swiss (blitz)"]

1. e4 {[%emt 0:00:02]} c6 {[%emt 0:00:02]} 2. d4 {[%emt 0:00:03]} d5 {[%emt 0:00:00]} 3. Nc3 {[%emt 0:00:01]} dxe4 {[%emt 0:00:01]} 4. Nxe4 {[%emt 0:00:01]} Nf6 {[%emt 0:00:00]} 5. Ng3 {[%emt 0:00:01]} Nbd7 {[%emt 0:00:04]} 6. Nf3 {[%emt 0:00:01]} e6 {[%emt 0:00:01]} 7. Bd3 {[%emt 0:00:01]} Bd6 {[%emt 0:00:01]} 8. O-O {[%emt 0:00:05]} O-O {[%emt 0:00:01]} 9. Re1 {[%emt 0:00:00]} Qc7 {[%emt 0:00:01]} 10. c3 {[%emt 0:00:03]} a6 {[%emt 0:00:01]} 11. Qe2 {[%emt 0:00:17]} b5 {[%emt 0:00:05]} 12. Ne4 {[%emt 0:00:06]} Bb7 {[%emt 0:00:01]} 13. Nfg5 {[%emt 0:00:06]} h6 {[%emt 0:00:02]} 14. Nxd6 {[%emt 0:00:05]} Qxd6 {[%emt 0:00:09]} 15. Ne4 {[%emt 0:00:03]} Nxe4 {[%emt 0:00:03]} 16. Qxe4 {[%emt 0:00:03]} Nf6 {[%emt 0:00:00]} 17. Qh4 {[%emt 0:00:01]} Rfe8 {[%emt 0:00:05]} 18. Bf4 {[%emt 0:00:02]} Qe7 {[%emt 0:00:02]} 19. Be5 {[%emt 0:00:13]} Nh7 {[%emt 0:00:08]} 20. Qg3 {[%emt 0:00:07]} f6 {[%emt 0:00:11]} 21. Bd6 {[%emt 0:00:07]} Qf7 {[%emt 0:00:02]} 22. Bg6 {[%emt 0:00:01]} Qd7 {[%emt 0:00:04]} 23. Bxe8 {[%emt 0:00:03]} Rxe8 {[%emt 0:00:01]} 24. Bc5 {[%emt 0:00:03]} Ng5 {[%emt 0:00:14]} 25. Qd6 {[%emt 0:00:08]} Qxd6 {[%emt 0:00:01]} 26. Bxd6 {[%emt 0:00:00]} Kf7 {[%emt 0:00:02]} 27. Re3 {[%emt 0:00:05]} a5 {[%emt 0:00:08]} 28. Rae1 {[%emt 0:00:01]} a4 {[%emt 0:00:00]} 29. h4 {[%emt 0:00:05]} Nh7 {[%emt 0:00:02]} 30. Kf1 {[%emt 0:00:12]} Bc8 {[%emt 0:00:02]} 31. Bc7 {[%emt 0:00:06]} Nf8 {[%emt 0:00:03]} 32. Re4 {[%emt 0:00:02]} Bd7 {[%emt 0:00:01]} 33. h5 {[%emt 0:00:02]} Bc8 {[%emt 0:00:04]} 34. Bd6 {[%emt 0:00:02]} Nd7 {[%emt 0:00:01]} 35. b3 {[%emt 0:00:02]} Nb6 {[%emt 0:00:05]} 36. Bc5 {[%emt 0:00:02]} Nd7 {[%emt 0:00:03]} 37. Bd6 {[%emt 0:00:03]} Nb6 {[%emt 0:00:02]} 38. Bg3 {[%emt 0:00:02]} axb3 {[%emt 0:00:04]} 39. axb3 {[%emt 0:00:00]} Nd5 {[%emt 0:00:01]} 40. c4 {[%emt 0:00:01]} Nc3 {[%emt 0:00:04]} 41. R4e3 {[%emt 0:00:02]} b4 {[%emt 0:00:01]} 42. Ra1 {[%emt 0:00:02]} Bb7 {[%emt 0:00:10]} 43. Ra7 {[%emt 0:00:01]} Re7 {[%emt 0:00:01]} 44. Bd6 {[%emt 0:00:02]} Rc7 {[%emt 0:00:01]} 45. Bxc7 {[%emt 0:00:02]} e5 {[%emt 0:00:02]} 46. Rxb7 {[%emt 0:00:03]} exd4 {[%emt 0:00:00]} 47. Be5+ {[%emt 0:00:03]} Kf8 {[%emt 0:00:02]} 48. Bxd4 {[%emt 0:00:00]} Nd1 {[%emt 0:00:02]} 49. Ree7 {[%emt 0:00:02]} Nc3 {[%emt 0:00:06]} 50. Bc5 {[%emt 0:00:01]} f5 {[%emt 0:00:08]} 51. Rb8# {[%emt 0:00:01] (Lag: Av=0.33s, max=0.8s)} 1-0

[Event "Stay Safe Play From Home 165"]
[Site "T#646231Emanuel Laske"]
[Date "2020.05.21"]
[Round "5"]
[White "shahildey"]
[Black "Mepe_Nika"]
[Result "1-0"]
[WhiteElo "2098"]
[BlackElo "2314"]
[Annotator "TA"]
[PlyCount "69"]
[EventDate "2020.05.21"]
[EventType "swiss (blitz)"]

{[%evp 24,69,11,0,0,-4,-25,-28,-7,0,20,0,0,-109,0,-40,75,79,70,84,103,107,93,9,555,546,549,531,606,123,29990,1792,29992,29993,29994,29993,29995,29996,29996,29997,29997,29998,29998,29994,29994,29995,29995,511]} 1. e4 e5 2. Nf3 Nc6 3. Nc3 Nf6 4. d4 exd4 5. Nxd4 Bb4 6. Nxc6 bxc6 7. Bd3 d5 8. exd5 O-O 9. O-O cxd5 10. Bg5 c6 11. h3 Bd6 12. Qf3 Rb8 13. Rab1 Re8 {C47: Scotch Four Knights and Four Knights with 4 g3.} 14. Ne2 Be5 15. c3 h6 {Black has an edge.} 16. Bf4 {[#]} c5 $146 ({Predecessor:} 16... Qd6 17. Bxe5 Rxe5 18. Ng3 c5 19. Qf4 Bd7 20. Rbe1 Re6 21. Qxd6 Rxd6 22. b3 a5 {½-½ (41) Roeberg,F (2245)-Arnaudov,P (2477) Wunsiedel 2012}) 17. Bxe5 Rxe5 18. Rfe1 (18. b4 $11) 18... Bb7 ({Black should play} 18... Qe8 $17 19. Qf4 Rb6) 19. Qf4 (19. Ng3 $5 {[%cal Re1e5]} Qc7 20. Rxe5 Qxe5 21. Qe2 Qxe2 22. Nxe2 $11) 19... Rg5 (19... Qe7 $15 {stays ahead.}) 20. Ng3 {[%cal Be2g3,Bg3h5,Bh5f6][%mdl 32]} d4 21. cxd4 cxd4 22. Rbd1 Bd5 23. Bf5 (23. Qxd4 $16 Qb6 24. Qxb6 axb6 25. a3) 23... Nh5 $2 {[%mdl 8192]} ({But not} 23... Bxa2 $2 24. Rxd4 Nd5 25. Qe5 $18) ({Reject} 23... Rxb2 $6 24. h4 $16) (23... g6 $11 24. h4 Rxf5 25. Nxf5 gxf5) 24. Nxh5 $18 Rxg2+ 25. Kf1 Rxb2 26. Rd2 $2 (26. Rxd4 $18 {is the precise move to win.} Kf8 27. Re5 Rgxf2+ 28. Qxf2 Rxf2+ 29. Kxf2) 26... g5 $2 {[%mdl 8192] [#]} (26... Rxd2 $16 27. Qxd2 Rg5) 27. Qe5 (27. Qxd4 $142 Rxf2+ 28. Rxf2 f6 29. Nxf6+ {[%mdl 64] Double Attack} Kf8 30. Nd7+ Kg8 31. Qxd5+ Kg7 32. Qe5+ {[%mdl 64] Double Attack} Kg8 33. Qe6+ {[%mdl 64] Double Attack} Kh8 34. Qxh6+ Kg8 35. Qh7#) 27... f6 28. Nxf6+ {[%mdl 64] Double Attack. White mates.} Kf7 29. Nxd5 Rxd2 30. Qe6+ {[%mdl 64] [#] Double Attack} Kg7 31. Qg6+ Kf8 32. Qxh6+ Kf7 33. Qh7+ Kf8 34. Qh8+ Kf7 35. Be6+ {Accuracy: White = 55%, Black = 46%.} (35. Qxd8 $2 {is a self mate.} Rdxf2#) (35. Re7+ $142 Qxe7 36. Qh7+ Kf8 37. Qxe7+ Kg8 38. Nf6+ Kh8 39. Qh7#) 1-0

[Event "Stay Safe Play From Home 165"]
[Site "T#646231Emanuel Laske"]
[Date "2020.05.21"]
[Round "5"]
[White "Lazieri3"]
[Black "Dukic"]
[Result "1-0"]
[WhiteElo "2064"]
[BlackElo "1870"]
[Annotator "TA"]
[PlyCount "41"]
[EventDate "2020.05.21"]
[EventType "swiss (blitz)"]

{[%evp 9,41,4,73,26,26,32,41,42,51,41,53,22,33,8,51,0,0,0,20,0,-14,-12,23,30,27,-8,16,9,77,68,171,156,241,233]} 1. e4 c6 2. d4 d6 3. c3 Nd7 4. Nf3 e5 {[#]} 5. Bg5 $146 ({Predecessor:} 5. Bd3 Ngf6 6. O-O Be7 7. Nbd2 O-O 8. b3 Re8 9. Bb2 Qc7 10. Re1 Nf8 11. c4 Ng6 12. Bf1 Bg4 13. h3 Bxf3 14. Nxf3 {1-0 (59) Nguyen,A (2535)-Aung,A (2524) Bangkok 2004}) 5... Qb6 (5... Be7 $11 6. Bxe7 Nxe7) 6. b3 {B12: Caro-Kann: Advance Variation.} (6. Na3 {with more complications.} Qc7 7. Nc4 Ngf6 8. Bd3 Be7 9. O-O) 6... h6 7. Be3 Qa5 8. Bd3 {White is slightly better.} Ngf6 9. O-O Be7 10. Qc2 O-O 11. Nbd2 {[%cal Bb1d2,Bd2c4,Bc4e3,Be3g4][%mdl 32]} Re8 12. Nh4 (12. b4 $14 Qc7 13. h3) 12... Ng4 $11 13. Nf5 Bf8 14. Nc4 Qc7 $1 15. Bd2 Ngf6 16. Rae1 b5 17. Nce3 $36 {[%mdl 2048] White has good play.} a6 18. f4 Bb7 (18... g6 $11 {keeps the balance.}) 19. Qd1 exf4 ({Black should try} 19... h5 $14) 20. Rxf4 $18 c5 (20... Re6 $16) 21. Ng4 {Accuracy: White = 67%, Black = 57%.} 1-0